[Event "FRA-chB"]
[Site "Meribel"]
[Date "1998.??.??"]
[Round "7"]
[White "Ippolito, Manuel"]
[Black "Jossien, Arnaud"]
[Result "1/2-1/2"]
[WhiteElo "2290"]
[BlackElo "2250"]

1.e4 d6 2.d4 Nf6 3.Nc3 e5 4.Nf3 Nbd7 5.Bc4 Be7 6.O-O O-O 7.h3 c6 8.a4 b6
9.Qe2 a6 10.Rd1 Qc7 11.Bg5 Re8 12.dxe5 dxe5 13.Nh4 Nc5 14.Nf5 Be6 15.Nxe7+ Rxe7
16.Bxf6 gxf6 17.Bxe6 fxe6 18.Qf3 Rf8 19.b4 Nb7 20.Ne2 Kh8 21.Rd3 c5 22.c3 f5
23.exf5 exf5 24.Qh5 Qc6 25.Rf3 Qg6 26.Qxg6 hxg6 27.Rd3 Kg7 28.Rad1 Rf6 29.g3  1/2-1/2

[Event "Miercurea Ciuc op"]
[Site "Miercurea Ciuc"]
[Date "1998.??.??"]
[Round "2"]
[White "Bartha, Andrei"]
[Black "Deglmann, Ludwig"]
[Result "0-1"]
[WhiteElo "2185"]
[BlackElo "2240"]

1.e4 d6 2.d4 Nf6 3.Nc3 e5 4.dxe5 dxe5 5.Qxd8+ Kxd8 6.Bg5 Nd7 7.O-O-O Bd6
8.Nf3 Ke8 9.Bc4 h6 10.Bh4 a6 11.Rhe1 b5 12.Bb3 Bb7 13.Nd5 Nxd5 14.Bxd5 Bxd5
15.exd5 f6 16.Nd4 Kf7 17.Nc6 Nb8 18.Nxb8 Raxb8 19.f3 b4 20.Bf2 Rb5 21.Rd3 Rd8
22.Red1 f5 23.g3 g5 24.Rb3 Rdb8 25.Be1 a5 26.Rbd3 a4 27.Kb1 h5 28.h3 f4 29.gxf4 gxf4
30.Bf2 Rg8 31.Rg1 Rxg1+ 32.Bxg1 Rb8 33.c4 bxc3 34.Rxc3 Rb5 35.Rd3 a3 36.b3 Bb4
37.Rd1 Ke7 38.Kc2 Kd6 39.Bf2 Bc5 40.Bh4 Bd4 41.Kd3 Kxd5 42.Rc1 c6 43.Bg5 Rb8
44.h4 Re8 45.Rc4 e4+ 46.fxe4+ Rxe4 47.Ra4 f3 48.Ra8 f2 49.Rd8+ Kc5 50.Rf8 Re1
51.Rf5+ Kd6 52.Kxd4 f1=Q 53.Rxf1 Rxf1 54.Kc4 Rf2 55.b4 Rxa2 56.Kb3 Ra1  0-1

[Event "Miercurea Ciuc op"]
[Site "Miercurea Ciuc"]
[Date "1998.??.??"]
[Round "2"]
[White "Sebe, Florin"]
[Black "Bogza, Oana"]
[Result "0-1"]
[WhiteElo "2215"]
[BlackElo "2075"]

1.e4 d6 2.d4 Nf6 3.Nc3 c6 4.f4 Qa5 5.Bd3 e5 6.Nf3 exd4 7.Nxd4 g6 8.h3 Bg7
9.Be3 O-O 10.Nb3 Qc7 11.O-O b5 12.a3 Bb7 13.g4 a6 14.g5 Nfd7 15.Be2 Nb6 16.Na5 Bc8
17.Bg4 N8d7 18.Bd4 f6 19.Be6+ Kh8 20.Nb3 c5 21.Be3 fxg5 22.f5 gxf5 23.Bxf5 Ne5
24.Bxg5 b4 25.Nd5 Nxd5 26.Qxd5 Bb7 27.Qd1 Nf7 28.Bc1 Nh6 29.Bxh6 Bxh6 30.Qh5 Be3+
31.Kh1 Qe7 32.Qg4 Rxf5 33.Rxf5 Qxe4+ 34.Kh2 Qxc2+ 35.Kg3  0-1

[Event "Miercurea Ciuc op"]
[Site "Miercurea Ciuc"]
[Date "1998.??.??"]
[Round "2"]
[White "Ardeleanu, Alin"]
[Black "Covlea, Vlad"]
[Result "0-1"]
[WhiteElo "2420"]
[BlackElo "2225"]

1.e4 d6 2.d4 Nf6 3.Nc3 c6 4.f4 Qa5 5.Bd3 e5 6.Nf3 Nbd7 7.a3 Be7 8.Bd2 Qb6
9.Be3 Ng4 10.Bg1 exf4 11.Qd2 Qxb2 12.Ra2 Qb6 13.Qxf4 Qa5 14.Qd2 Nb6 15.h3 Nf6
16.Bh2 Be6 17.Ra1 Nc4 18.Bxc4 Bxc4 19.e5 dxe5 20.Nxe5 Ba6 21.Rb1 Rd8 22.Nf3 O-O
23.Be5 Rfe8 24.Rb3 Bxa3 25.Nb5 Qxd2+ 26.Kxd2 Ne4+ 27.Ke3 Bxb5 28.Rxa3 Ng3
29.Re1 f6 30.Kf2 Nf5 31.g4 fxe5 32.gxf5 exd4 33.Rxe8+ Rxe8 34.Rxa7 d3 35.cxd3 Bxd3
36.f6 Ba6 37.fxg7 Kxg7 38.Nd4 c5 39.Nb3 Rc8 40.Na5 Rc7 41.Ke3 c4 42.Kd2 Kf6
43.Kc3 Kg5 44.Ra8 Kh4 45.Rf8 Kxh3 46.Rf1 h5 47.Rh1+ Kg4 48.Rg1+ Kf4 49.Rf1+ Kg3
50.Rg1+ Kh2 51.Rg5 h4 52.Rg6 h3 53.Kd4 Rd7+ 54.Kc3 Kh1  0-1

[Event "Miercurea Ciuc op"]
[Site "Miercurea Ciuc"]
[Date "1998.??.??"]
[Round "4"]
[White "Glodeanu, Ion"]
[Black "Covlea, Vlad"]
[Result "1/2-1/2"]
[WhiteElo "2340"]
[BlackElo "2225"]

1.e4 d6 2.d4 Nf6 3.Nc3 c6 4.Nf3 Bg4 5.Be2 Nbd7 6.O-O e5 7.Be3 Be7 8.dxe5 dxe5
9.Nd2 Bxe2 10.Qxe2 O-O 11.Nb3 b5 12.Rad1 Qc7 13.f3 Rfd8 14.a4 a6 15.Qf2 b4
16.Nb1 c5 17.c4 Nb6 18.Bxc5 Nxa4 19.Bxe7 Qxe7 20.Nc1 Nc5 21.b3 h6 22.Rd2 Rxd2
23.Qxd2 a5 24.Rd1 Ne6 25.Qb2 Rd8 26.Rxd8+ Qxd8 27.Qd2 Qb6+ 28.Qf2 Qd6 29.Qd2 Qb6+
30.Qf2 Qd6 31.Qd2  1/2-1/2

[Event "Miercurea Ciuc op"]
[Site "Miercurea Ciuc"]
[Date "1998.??.??"]
[Round "4"]
[White "Sofronie, Iulian"]
[Black "Deglmann, Ludwig"]
[Result "1/2-1/2"]
[WhiteElo "2405"]
[BlackElo "2240"]

1.e4 d6 2.d4 Nf6 3.Nc3 e5 4.Nf3 Nbd7 5.Bc4 Be7 6.O-O O-O 7.h3 c6 8.dxe5 dxe5
9.a4 a5 10.Qe2 Qc7 11.Nh4 Nc5 12.Nf5 Ne6 13.Be3 Re8 14.g4 h6 15.Qf3 Nf4 16.Ne2 Nh7
17.Bxf4 exf4 18.Qxf4 Qxf4 19.Nxf4 Bxf5 20.exf5 Bd6 21.Nh5 Nf6 22.Nxf6+ gxf6
23.Rad1 Rad8 24.Rd3 Bc5 25.Rfd1 Rxd3 26.Rxd3 Re4 27.b3 h5 28.gxh5 Rf4 29.Rd7 b6
30.Bxf7+ Kg7 31.Bg6+ Kh6 32.Rd2 Bd4 33.Kg2 b5 34.axb5 cxb5 35.Be8 b4 36.Bg6 Kg7
37.f3 Kh6 38.Rd3 Kg5 39.Kf1 Be5 40.Rd5 Rxf3+ 41.Ke2 Rc3 42.h4+ Kh6 43.Kd1 Rh3
44.Rxa5 Bc3 45.Ke2 Rxh4 46.Ra8 Rh3 47.Rd8 Kg5 48.Rd1 Kh6 49.Rc1 Kg5 50.Rg1+ Kf4
51.Rf1+ Kg5 52.Rf2 Be5 53.Kd2 Bc3+  1/2-1/2

[Event "Miercurea Ciuc op"]
[Site "Miercurea Ciuc"]
[Date "1998.??.??"]
[Round "5"]
[White "Szabo, Gergely"]
[Black "Bogza, Oana"]
[Result "1-0"]
[WhiteElo "2235"]
[BlackElo "2075"]

1.e4 d6 2.d4 Nf6 3.Nc3 c6 4.f4 Qa5 5.Bd3 e5 6.Nf3 exd4 7.Nxd4 g6 8.Nf3 Bg7
9.O-O O-O 10.Qe1 b5 11.Qh4 b4 12.Ne2 Nbd7 13.f5 Ba6 14.Bh6 Rae8 15.Ng5 c5
16.Bxa6 Qxa6 17.Nf4 Qc4 18.Rad1 Qxc2 19.Rxd6 Qxb2 20.Bxg7 Kxg7 21.Rxd7 Nxd7
22.Qxh7+ Kf6 23.Nd5+ Ke5 24.Qg7+ f6 25.Qxd7 Qd4+ 26.Kh1 fxg5 27.Re1 Qf2 28.Qg7+  1-0

[Event "Miercurea Ciuc op"]
[Site "Miercurea Ciuc"]
[Date "1998.??.??"]
[Round "6"]
[White "Ardeleanu, George Catalin"]
[Black "Covlea, Vlad"]
[Result "1-0"]
[WhiteElo "2295"]
[BlackElo "2225"]

1.e4 d6 2.d4 Nf6 3.Nc3 c6 4.f4 Qa5 5.Bd3 e5 6.Nf3 Nbd7 7.Bd2 Qb6 8.Na4 Qc7
9.c4 Be7 10.c5 d5 11.Nxe5 Nxe4 12.Nc3 Nxd2 13.Qxd2 Nxe5 14.fxe5 h6 15.O-O Be6
16.Ne2 Bg5 17.Nf4 Qe7 18.Qe2 O-O 19.Bc2 Bxf4 20.Rxf4 f5 21.exf6 Rxf6 22.Rxf6 Qxf6
23.Qd3 g6 24.Qxg6+ Qxg6 25.Bxg6 Kg7 26.Bd3 Rf8 27.Re1 Bc8 28.Re7+ Rf7 29.Rxf7+ Kxf7
30.Kf2 Kf6 31.Kg3 Kg5 32.h4+ Kf6 33.Kf4 Bd7 34.g4 Be8 35.g5+ Kg7 36.Ke5 b6
37.b4 bxc5 38.bxc5 a5 39.Kd6 Kf8 40.gxh6 Kf7 41.h5  1-0

[Event "Miercurea Ciuc op"]
[Site "Miercurea Ciuc"]
[Date "1998.??.??"]
[Round "8"]
[White "Tesla, Vladimir"]
[Black "Covlea, Vlad"]
[Result "0-1"]
[WhiteElo "2270"]
[BlackElo "2225"]

1.e4 d6 2.d4 Nf6 3.Nc3 c6 4.Be2 Qa5 5.Bf3 e5 6.Ne2 b5 7.O-O b4 8.Nb1 d5 9.Nd2 dxe4
10.Nxe4 Nxe4 11.Bxe4 f5 12.Bd3 e4 13.Bc4 Ba6 14.Be6 Nd7 15.f3 Nf6 16.fxe4 fxe4
17.Rf5 Qb6 18.Ng3 Be7 19.Nh5 Nxh5 20.Bf7+ Kd8 21.Rxh5 Rf8 22.Rf5 Bf6 23.Rxf6 gxf6
24.Be6 Re8 25.Bh3 e3 26.Qg4 Bc8 27.Qh4 Bxh3 28.Qxf6+ Kd7 29.gxh3 Qb5 30.Qg7+ Kc8
31.Bxe3 Rxe3 32.Rf1 Re8 33.Rf7 Re1+ 34.Kg2 Qe2+ 35.Rf2 Qe4+ 36.Rf3 Qxc2+
37.Rf2  0-1

[Event "Miercurea Ciuc op"]
[Site "Miercurea Ciuc"]
[Date "1998.??.??"]
[Round "9"]
[White "Sofronie, Iulian"]
[Black "Covlea, Vlad"]
[Result "1-0"]
[WhiteElo "2405"]
[BlackElo "2225"]

1.e4 d6 2.d4 Nf6 3.Nc3 c6 4.a4 Qa5 5.Bd3 e5 6.Ne2 Be7 7.O-O O-O 8.Bd2 Qc7
9.a5 Nbd7 10.h3 Re8 11.Be3 Bf8 12.Ng3 b5 13.axb6 Nxb6 14.f4 Be6 15.b3 c5
16.Nb5 Qb8 17.d5 Bd7 18.fxe5 Rxe5 19.Bf4 Re8 20.Nc3 Qc7 21.Bg5 Be7 22.e5 dxe5
23.Bxf6 Bxf6 24.Rxf6 gxf6 25.Qh5 f5 26.Qh6 f6 27.Re1 e4 28.Nh5 Re7 29.Re3 Be8
30.Nxf6+ Kf7 31.Be2  1-0

[Event "Montecatini Terme-B"]
[Site "Montecatini Terme "]
[Date "1998.??.??"]
[Round "1"]
[White "Drei, Andrea"]
[Black "Caposciutti, Maurizio"]
[Result "1-0"]
[WhiteElo "2320"]
[BlackElo "2310"]

1.e4 d6 2.d4 Nf6 3.Nc3 c6 4.Be3 Nbd7 5.a4 e5 6.Nf3 Be7 7.Bc4 O-O 8.dxe5 dxe5
9.h3 Qc7 10.O-O Nc5 11.Nd2 Ne6 12.Qf3 Nd4 13.Bxd4 exd4 14.Ne2 c5 15.Qd3 Be6
16.f4 Bxc4 17.Qxc4 Qc6 18.Ng3 Nd7 19.Nf5 Bd8 20.a5 g6 21.Nh6+ Kg7 22.Ng4 h5
23.Nf2 Be7 24.c3 dxc3 25.Qxc3+ Kg8 26.e5 b5 27.Nde4 c4 28.Rad1 Nc5 29.Qf3 Nxe4
30.Nxe4 Qe6 31.Nf6+ Bxf6 32.Rd6 Qf5 33.Rxf6 Qd3 34.Qxd3 cxd3 35.Rd6 Rfd8
36.Rd1 Rxd6 37.exd6 Kf8 38.Rxd3 Rd8 39.Kf2 Kg7 40.Ke3 Kf6 41.Rd5 Ke6 42.Rxb5 Rxd6
43.Rb7 Ra6 44.b4 h4 45.Kd4 f6 46.Kc5 Kf5 47.Kb5 Re6 48.Rxa7 Kxf4 49.Rg7 g5
50.a6 Kg3 51.a7 Re8 52.Rb7 Ra8 53.Ka6 Kxg2 54.Rb8 Rxa7+ 55.Kxa7  1-0

[Event "Montecatini Terme-B"]
[Site "Montecatini Terme "]
[Date "1998.??.??"]
[Round "1"]
[White "Sciortino, Massimo"]
[Black "Toulzac, Pierre Yves"]
[Result "1-0"]
[WhiteElo "2190"]
[BlackElo "2265"]

1.e4 d6 2.d4 Nf6 3.Nc3 c6 4.f4 Qa5 5.e5 Ne4 6.Qf3 Bf5 7.Bd3 Nxc3 8.Bxf5 Na4+
9.Bd2 Qc7 10.e6 f6 11.Qh5+ Kd8 12.b3 Nb6 13.Nf3 c5 14.c3 a5 15.O-O a4 16.Bxh7 cxd4
17.cxd4 Qc2 18.Qb5 Qc6 19.Qd3 d5 20.Rfe1 axb3 21.Rac1 Qd6 22.axb3 Ra3 23.Bg6 Nc6
24.Qb5 Kc7 25.Bb4 Qxf4 26.Bxa3 Rh6 27.Bb1 g5 28.Rc3 g4 29.Bc1 Qd6 30.Bxh6 Bxh6
31.Nh4 Bd2 32.Rcc1 Bxc1 33.Rxc1 Qxe6 34.Qd3 Qd6 35.Nf5 Qa3 36.Re1 e5 37.dxe5 fxe5
38.Ne3 Qa5 39.Rd1 e4 40.Nxd5+ Kb8 41.Qg3+ Ka7 42.Qe3  1-0

[Event "Montecatini Terme-B"]
[Site "Montecatini Terme "]
[Date "1998.??.??"]
[Round "5"]
[White "Vezzosi, Paolo"]
[Black "Caposciutti, Maurizio"]
[Result "1/2-1/2"]
[WhiteElo "2275"]
[BlackElo "2310"]

1.d4 d6 2.e4 Nf6 3.Nc3 c6 4.f3 Nbd7 5.Be3 e5 6.Nge2 Be7 7.g4 b5 8.g5 Nh5
9.Qd2 h6 10.gxh6 Bh4+ 11.Kd1 gxh6 12.Ng1 a6 13.d5 c5 14.a3 Bg5 15.Kc1 Nb6
16.Kb1 Bd7 17.Nd1 a5 18.Qf2 Rb8 19.Ne2 Nc4 20.Ng3 Bxe3 21.Nxe3 Nxe3 22.Qxe3 Qg5
23.Qe1 a4 24.Rg1 Nf4 25.Ka2 b4 26.Bc4 Qf6 27.Rb1 Ke7 28.Qd2 Rb6 29.Rgf1 Rg8
30.Rg1 Rgb8 31.Ka1 R8b7 32.Rgc1 h5 33.c3 bxa3 34.bxa3 Rxb1+ 35.Rxb1 Rxb1+
36.Kxb1 h4 37.Nf1 Qg7 38.Qf2 Qg5 39.Ka1 Ng6 40.Kb2 Nf4 41.Kc2 Ng6 42.Ne3 h3
43.Bf1 Qf4 44.Nc4 Nh4 45.Nd2 Qg5 46.Kd1 Qf4 47.Bd3 Ng6 48.Nf1 Bg4 49.Be2 Bd7
50.Qg3 Qf6 51.Qf2 Qf4 52.Qg3 Qf6  1/2-1/2

[Event "Montecatini Terme op"]
[Site "Montecatini Terme"]
[Date "1998.??.??"]
[Round "9"]
[White "Scavo, Fernando"]
[Black "Jansa, Vlastimil"]
[Result "0-1"]
[WhiteElo "2255"]
[BlackElo "2480"]

1.e4 d6 2.d4 Nf6 3.Nc3 Nbd7 4.Be3 e5 5.Qd2 Be7 6.f3 c6 7.O-O-O b5 8.d5 b4
9.dxc6 bxc3 10.cxd7+ Bxd7 11.Qxc3 O-O 12.Ba6 Be6 13.Bb7 Rb8 14.Bd5 Bxd5 15.exd5 Qd7
16.Qc6 Qf5 17.g4 Nxg4 18.fxg4 Qe4 19.Qd7 Qxe3+ 20.Kb1 Rxb2+  0-1

[Event "Montecatini Terme"]
[Site "Montecatini Terme"]
[Date "1998.??.??"]
[Round "11"]
[White "Genocchio, Daniele"]
[Black "Caposciutti, Maurizio"]
[Result "0-1"]
[WhiteElo "2155"]
[BlackElo "2310"]

1.e4 d6 2.d4 Nf6 3.Nc3 c6 4.f3 Nbd7 5.Be3 e5 6.Qd2 Be7 7.g4 O-O 8.O-O-O b5
9.Kb1 Nb6 10.dxe5 dxe5 11.Qf2 Qc7 12.g5 Nh5 13.Nce2 Be6 14.Ng3 Nf4 15.h4 Rfd8
16.Re1 Na4 17.c3 Qa5 18.a3 Bxa3 19.bxa3 Nxc3+ 20.Kb2  0-1

[Event "Petrosian mem-J"]
[Site "Moscow"]
[Date "1998.??.??"]
[Round "?"]
[White "Dvoretskij, Alexey"]
[Black "Erenburg, Sergey"]
[Result "0-1"]
[WhiteElo "2140"]
[BlackElo "2285"]

1.e4 d6 2.d4 Nf6 3.Nc3 Nbd7 4.Nf3 e5 5.Bc4 Be7 6.O-O O-O 7.Qe2 c6 8.h3 h6
9.Be3 Re8 10.dxe5 dxe5 11.Rad1 Qc7 12.a3 a5 13.a4 Bb4 14.Nd2 Nc5 15.Qf3 Qe7
16.Nb3 Nxb3 17.Bxb3 Be6 18.Rd3 Bxb3 19.cxb3 Rad8 20.Rfd1 Rxd3 21.Rxd3 Qe6
22.Nb1 Nd7 23.Qd1 Re7 24.Nd2 b5 25.Nb1 bxa4 26.bxa4 Nf6 27.f3 Rd7 28.Rxd7 Nxd7
29.Qc2 Qd6 30.Nd2 Bc5 31.Bxc5 Nxc5 32.b3 Qd4+ 33.Kh2 Qf2 34.Qc3 Ne6 35.Nc4 Nf4
36.Qd2 Ne2 37.Qe3 Qg3+ 38.Kh1 Qe1+ 39.Kh2 h5 40.Nxe5 Qg3+ 41.Kh1 Nf4 42.Qd2 Nxg2
43.Qxg2 Qxe5 44.Qc2 Qg3 45.Qg2 Qe1+ 46.Qg1 Qe2 47.Qg3 Qd1+ 48.Kg2 Qxb3 49.Qc7 Qc2+
50.Kg3 Qc5 51.e5 g6 52.Qd8+ Kh7 53.Qf6 Qd5 54.f4 Qe6 55.Qd8 Qb3+ 56.Kh4 Qe3  0-1

[Event "Moscow Kasparov Cup"]
[Site "Moscow"]
[Date "1998.??.??"]
[Round "1"]
[White "Grachev, Boris"]
[Black "Bachin, Vitaly"]
[Result "1/2-1/2"]
[WhiteElo "2205"]
[BlackElo "2305"]

1.e4 d6 2.d4 Nf6 3.Nc3 c6 4.f3 Nbd7 5.Be3 e5 6.Qd2 Be7 7.O-O-O Qc7 8.g4 h6
9.Nge2 exd4 10.Nxd4 Ne5 11.h3 Ng6 12.f4 Nf8 13.Bg2 Be6 14.Qf2 g5 15.Nxe6 fxe6
16.fxg5 hxg5 17.Rhf1 Qa5 18.e5 Qxe5 19.Bd4 Qf4+ 20.Qxf4 gxf4 21.g5 e5 22.gxf6 Bxf6
23.Ne4 Be7 24.Bc3 Rg8 25.Bf3 O-O-O 26.Bg4+ Kc7 27.Bf5 Nd7 28.h4 Rh8 29.Ng5 Nc5
30.Nf7 Rhf8 31.Bg6 Rxf7 32.Bxf7 Bxh4 33.Rh1 Bg3 34.Rh7 Rd7 35.Bg6 Rxh7 36.Bxh7 Ne6
37.Bb4 d5 38.Be1 Bxe1 39.Rxe1 Kd6 40.Rf1 e4 41.Bg8 Nd4 42.c3 Ne2+ 43.Kd2 f3
44.Ke3 Ke5 45.Bh7 c5 46.Rxf3 exf3 47.Kxf3 Nf4 48.Ke3 Ne6 49.Kd2 Ng5 50.Bd3 b6
51.Kc2 Ne4 52.Bf1 Kf4 53.Kd3 a5 54.Be2 Nf2+ 55.Kd2 Ng4 56.Kd3 Ne5+ 57.Kd2 Nf3+
58.Kd3 c4+ 59.Kc2 Ke3 60.Bf1 d4 61.cxd4 Kxd4 62.Be2 Ne1+ 63.Kb1 Nd3 64.Bh5 b5
65.Kc2 b4 66.Bg6 a4 67.Bh7 Nc5 68.Bg6 Nd3 69.Bh7 Ne1+ 70.Kd2 Ng2 71.Kc2 Ne3+
72.Kd2 Nd5 73.Kc2 a3 74.bxa3 bxa3 75.Kb1 Nb4 76.Bg6 Ke3 77.Bh7 Kd2 78.Bg6 Nd3
79.Bh7  1/2-1/2

[Event "Moscow-ch op"]
[Site "Moscow"]
[Date "1998.??.??"]
[Round "2"]
[White "Ivanov, Victor L"]
[Black "Gorin, Igor"]
[Result "1/2-1/2"]
[WhiteElo "2455"]
[BlackElo "2355"]

1.e4 d6 2.d4 Nf6 3.Nc3 e5 4.dxe5 dxe5 5.Qxd8+ Kxd8 6.Bg5 Be6 7.O-O-O+ Bd6
8.f4 Kc8 9.f5 Bd7 10.Bxf6 gxf6 11.Nd5 Bc6 12.Nxf6 Nd7 13.Nd5 Nc5 14.Bd3 Rg8
15.g3 Bxd5 16.exd5 Kd7 17.Ne2 h6 18.Rhf1 f6 19.c4 Nxd3+ 20.Rxd3 Rg4 21.b3 Rag8
22.h3 R4g7 23.g4 h5 24.gxh5 Rg2 25.Nc3 Ke7 26.Kd1 Bb4 27.d6+ Bxd6 28.Nd5+ Kf7
29.Nxc7 Rxa2 30.Rxd6 Rgg2 31.Rd7+ Kg8  1/2-1/2

[Event "Moscow-ch op"]
[Site "Moscow"]
[Date "1998.??.??"]
[Round "3"]
[White "Gorin, Igor"]
[Black "Vorotnikov, Vladislav V"]
[Result "0-1"]
[WhiteElo "2355"]
[BlackElo "2445"]

1.d4 d6 2.e4 Nf6 3.Nc3 e5 4.dxe5 dxe5 5.Qxd8+ Kxd8 6.Bg5 c6 7.O-O-O+ Kc7
8.f4 h6 9.Bxf6 gxf6 10.fxe5 fxe5 11.Bc4 f6 12.Rf1 b5 13.Bf7 Nd7 14.Nf3 b4
15.Nd1 Ba6 16.Re1 Nc5 17.Nd2 h5 18.Nb3 Bh6+ 19.Kb1 Nxb3 20.axb3 Bd2 21.Reg1 h4
22.Bc4 Bxc4 23.bxc4 Rag8 24.Nf2 Be3 25.Rf1 Rxg2 26.Nd3 b3 27.cxb3 Rd8 28.Rd1 h3
29.Rhe1 Bd4 30.Rf1 Rxh2 31.Rxf6 Rg2 32.Rf7+ Kc8 33.Rh7 h2 34.Re1 Rd2 35.Rh3 Rg8
36.Kc1 Rxd3  0-1

[Event "Moscow Kasparov Cup"]
[Site "Moscow"]
[Date "1998.??.??"]
[Round "3"]
[White "Iochis, Daniil"]
[Black "Khruschiov, Alexey"]
[Result "1/2-1/2"]
[WhiteElo "2205"]
[BlackElo "2215"]

1.e4 d6 2.d4 Nf6 3.Nc3 c6 4.f4 g6 5.Nf3 Bg7 6.Bd3 Qb6 7.e5 dxe5 8.fxe5 Nd5
9.Nxd5 cxd5 10.c3 Bg4 11.h3 Bxf3 12.Qxf3 Nc6 13.Qxd5 f6 14.exf6 Bxf6 15.O-O Rd8
16.Qb5 Bxd4+ 17.Kh1 Qxb5 18.Bxb5 Bg7 19.Be3 a6 20.Bxc6+ bxc6 21.Rae1 Rd5
22.c4 Re5  1/2-1/2

[Event "Goldberg mem"]
[Site "Moscow"]
[Date "1998.??.??"]
[Round "4"]
[White "Korotylev, Alexey"]
[Black "Komliakov, Viktor"]
[Result "1/2-1/2"]
[WhiteElo "2470"]
[BlackElo "2510"]

1.e4 d6 2.d4 Nf6 3.Nc3 c6 4.f4 g6 5.Nf3 Bg7 6.Bd3 O-O 7.O-O Bg4 8.Qe1 Na6
9.Qh4 Nb4 10.e5 Bxf3 11.Rxf3 Nfd5 12.Rh3 h5 13.Ne4 Nxd3 14.Rxd3 Qd7 15.Bd2 f6
16.Rg3 Qf5 17.Re1 Rad8 18.e6 Nc7 19.Rb3 Rb8 20.Qf2 Qxe6 21.Ng3 Qd7 22.f5 h4  1/2-1/2

[Event "RUS-Cup02"]
[Site "Moscow"]
[Date "1998.??.??"]
[Round "6"]
[White "Ibragimov, Ildar"]
[Black "Chekhov, Valery A"]
[Result "1-0"]
[WhiteElo "2590"]
[BlackElo "2520"]

1.d4 d6 2.e4 Nf6 3.Nc3 c6 4.f4 Qa5 5.Bd3 e5 6.Nf3 Bg4 7.Be3 exd4 8.Bxd4 Qb4
9.Be2 Nxe4 10.O-O d5 11.Nxe4 dxe4 12.c3 Qe7 13.Ne5 Bxe2 14.Qxe2 c5 15.Bf2 Nd7
16.Nxd7 Kxd7 17.b4 f5 18.Rad1+ Kc7 19.Rd5 Qe6 20.Rfd1 Rc8 21.Re5 Qf7 22.bxc5 Kb8
23.Qb5 a6 24.Rd7 axb5 25.Rxf7 g6 26.Bd4 h5 27.Rd5 Rg8 28.c6 bxc6 29.Rdd7 Re8
30.Be5+  1-0

[Event "RUS-Cup02"]
[Site "Moscow"]
[Date "1998.??.??"]
[Round "7"]
[White "Kastanieda, Georgiy"]
[Black "Komliakov, Viktor"]
[Result "1/2-1/2"]
[WhiteElo "2395"]
[BlackElo "2510"]

1.e4 d6 2.d4 Nf6 3.Nc3 c6 4.Nf3 Bg4 5.h3 Bh5 6.Bd3 e6 7.Qe2 d5 8.Bg5 Be7
9.Bxf6 Bxf3 10.Qxf3 Bxf6 11.Ne2 Nd7 12.c3 dxe4 13.Qxe4 Qc7 14.O-O-O O-O-O
15.Bc2 Kb8 16.Kb1 h5 17.h4 Nb6 18.Nf4 c5 19.Ne2 Nd5 20.Rh3 cxd4 21.Nxd4 a6
22.Rhd3 Qf4 23.Rf3 Qxe4 24.Bxe4 Rd7 25.g3 Rhd8 26.Rfd3 Kc7 27.Ne2 Nb6 28.Nf4 Rxd3
29.Rxd3 Rh8 30.Kc2 Nc4 31.a4 Ne5 32.Rd4 Be7 33.b4 g6 34.a5 Rc8 35.Nd3 Nxd3
36.Kxd3 Rd8  1/2-1/2

[Event "EU-ch U18"]
[Site "Murek"]
[Date "1998.??.??"]
[Round "4"]
[White "Parligras, Mircea"]
[Black "Rufener, Markus"]
[Result "1-0"]
[WhiteElo "2375"]
[BlackElo "2110"]

1.e4 d6 2.d4 Nf6 3.Nc3 c6 4.f4 Qa5 5.Bd2 e5 6.dxe5 dxe5 7.Nd5 Qd8 8.Nxf6+ Qxf6
9.Nf3 exf4 10.e5 Qg6 11.Bd3 Qxg2 12.Rg1 Qh3 13.Bxf4 Bg4 14.Rg3 Qh5 15.Qe2 Nd7
16.O-O-O O-O-O 17.Rdg1 Bxf3 18.Rxf3 Nc5 19.Rg5 Nxd3+ 20.cxd3 Qh6 21.Qf2 b6
22.Bd2 Bc5 23.Qg2 Qe6 24.Rxg7 Qxa2 25.Rfxf7 Qa1+ 26.Kc2 Qa4+ 27.Kb1 Qd1+
28.Ka2 Qa4+ 29.Kb1 Qd1+ 30.Bc1 Qxd3+ 31.Qc2 Qxc2+ 32.Kxc2 Rhf8 33.Rc7+ Kb8
34.Rb7+ Ka8 35.Rxa7+ Kb8 36.Rgb7+ Kc8 37.Rxh7 Rf2+ 38.Kb3 Kb8 39.e6 Re8 40.Rhb7+ Kc8
41.Rf7 Rxf7 42.exf7 Re2 43.Bf4 Rf2 44.Ra8+  1-0

[Event "EU-ch U16 Girls"]
[Site "Murek"]
[Date "1998.??.??"]
[Round "4"]
[White "Mukhortova, Elena"]
[Black "Gasparian, Narine"]
[Result "0-1"]
[WhiteElo "2220"]
[BlackElo "2070"]

1.e4 d6 2.d4 Nf6 3.Nc3 c6 4.Nge2 b5 5.a3 g6 6.g3 Bg7 7.Bg2 a6 8.O-O O-O 9.f4 e5
10.Kh1 Qc7 11.Be3 Nbd7 12.Bg1 Re8 13.h3 Bb7 14.dxe5 dxe5 15.f5 Rad8 16.Qe1 c5
17.fxg6 hxg6 18.Qf2 Rf8 19.g4 b4 20.Nd5 Nxd5 21.exd5 f5 22.gxf5 gxf5 23.Ng3 f4
24.Nh5 Qd6 25.Rad1 Rf5 26.Qh4 Bf6 27.Nxf6+ Nxf6 28.Bf3 Kf7 29.Bf2 Qb8 30.Bg4 Rh8
31.Bxf5 Bxd5+ 32.Kh2 Rxh4 33.Bxh4 e4 34.Bxf6 f3+ 35.Kh1 Kxf6 36.Rxd5 Qg8
37.Rd6+ Kxf5 38.Rg1 Qh8 39.Kh2 Qe5+  0-1

[Event "EU-ch U18"]
[Site "Murek"]
[Date "1998.??.??"]
[Round "5"]
[White "Zakharov, Alexander S"]
[Black "Horvath, Adam"]
[Result "1-0"]
[WhiteElo "2375"]
[BlackElo "2455"]

1.e4 d6 2.d4 Nf6 3.Nc3 Nbd7 4.Nf3 e5 5.Bc4 Be7 6.O-O O-O 7.Re1 c6 8.a4 Qc7
9.Ba2 b6 10.h3 Bb7 11.Bg5 a6 12.d5 Rac8 13.dxc6 Bxc6 14.Re2 h6 15.Bxf6 Nxf6
16.Qd3 Qb7 17.Rd1 Rfd8 18.Nh2 b5 19.axb5 Bxb5 20.Nxb5 Qxb5 21.Qxb5 axb5 22.Ng4 Nxg4
23.hxg4 Bg5 24.Bd5 Rc5 25.c3 Rd7 26.Ra1 Kf8 27.Ra8+ Ke7 28.Rb8 Ra7 29.Rc2 Ra1+
30.Kh2 Rc1 31.Re2 Rb1 32.Rb7+ Kf6 33.g3 b4 34.Rxb4 Ra5 35.Rb7 Raa1 36.Rxf7+ Kg6
37.Rd7 Bf4 38.Kg2 Rh1 39.Kf3 Raf1 40.Rxd6+ Kh7 41.Rc2  1-0

[Event "EU-ch U12"]
[Site "Murek"]
[Date "1998.??.??"]
[Round "6"]
[White "Manescu, Tiberiu"]
[Black "Murariu, Andrei"]
[Result "0-1"]
[WhiteElo "2090"]
[BlackElo "2085"]

1.e4 d6 2.d4 Nf6 3.Nc3 c6 4.Nf3 Bg4 5.Be2 e6 6.O-O Be7 7.Be3 d5 8.e5 Nfd7
9.Nd2 Bxe2 10.Nxe2 O-O 11.Nf4 c5 12.c3 cxd4 13.cxd4 Qb6 14.Qg4 Kh8 15.b3 Rd8
16.Nf3 Nf8 17.Nh5 Ng6 18.Bg5 Nc6 19.Rac1 Bxg5 20.Nxg5 Kg8 21.Rfd1 Rac8 22.Qh3 h6
23.Nf6+ Kf8 24.Nxe6+ fxe6 25.Qxe6 Nge7 26.Nd7+ Rxd7 27.Qxd7 Rd8 28.Qg4 Kg8
29.Rc3 Rf8 30.Rf3 Rxf3 31.gxf3 Qa5 32.Kh1 Qxa2 33.Rg1 g6 34.Qe6+ Kf8 35.Qf6+ Ke8
36.e6 Kd8 37.Qf4 Qxf2 38.Rxg6 Nxg6 39.Qd6+ Kc8 40.Qd7+ Kb8 41.Qd6+ Ka8  0-1

[Event "EU-ch U16 Girls"]
[Site "Murek"]
[Date "1998.??.??"]
[Round "7"]
[White "Polivoda, Nadeja"]
[Black "Moser, Eva"]
[Result "0-1"]
[WhiteElo "2100"]
[BlackElo "2190"]

1.e4 d6 2.d4 Nf6 3.Nc3 e5 4.Nf3 Nbd7 5.Bc4 Be7 6.Bxf7+ Kxf7 7.Ng5+ Kg8 8.Ne6 Qe8
9.Nxc7 Qg6 10.Nxa8 Qxg2 11.Rf1 exd4 12.Qe2 h6 13.f3 Qh3 14.Nb5 d5 15.Bd2 dxe4
16.Nxd4 Kh7 17.O-O-O Ne5 18.Nc7 Bd6 19.Ncb5 Bb8 20.Rde1 a6 21.Nc3 exf3 22.Nxf3 Bg4
23.Ne4 Bxf3 24.Nxf6+ gxf6 25.Qe3 Bg2 26.Qxh3 Bxh3 27.Rxf6 Kg7 28.Rb6 Bc8
29.Rg1+ Kf7 30.Rf1+ Kg7 31.Bc3 Re8 32.Rff6 Bc7 33.Rg6+ Kf7 34.Rbf6+ Ke7 35.Rxh6 Kd8
36.Rf1 Bg4 37.Re1 Nd3+ 38.cxd3 Bf4+ 39.Kc2 Bxh6 40.Bf6+ Kd7 41.Rxe8 Kxe8
42.Kc3 Kf7 43.Be5 Ke6 44.d4 Kd5 45.a4 Bg5 46.Bg7 Bh4 47.Be5 Be1+ 48.Kc2 Bf5+
49.Kb3 Bd7 50.Bg7 Bf2 51.Kb4 Bxd4 52.Bxd4 Kxd4 53.h4 Ke5 54.Ka5 Kf4 55.b4 Kg4
56.b5 axb5 57.axb5 Bf5 58.Kb6 Be4 59.Kc5 Kxh4 60.Kd4 Bg2 61.Kc5 Kg5 62.b6 Kf6
63.Kd6 Bh1 64.Kc5 Ke5 65.Kc4 Kd6  0-1

[Event "EU-ch U18"]
[Site "Murek"]
[Date "1998.??.??"]
[Round "8"]
[White "Kundin, Alexander"]
[Black "Rufener, Markus"]
[Result "1-0"]
[WhiteElo "2430"]
[BlackElo "2110"]

1.e4 d6 2.d4 Nf6 3.Nc3 c6 4.Nf3 Bg4 5.h3 Bh5 6.Qe2 e6 7.g4 Bg6 8.h4 h5 9.g5 Nfd7
10.Bh3 Be7 11.Nd2 d5 12.f4 dxe4 13.Ndxe4 Qa5 14.Bd2 Na6 15.O-O-O O-O-O 16.Ng3 Nb4
17.f5 exf5 18.Qxe7 Rhe8 19.Qd6 Re6 20.Qf4 Nxa2+ 21.Kb1 Nb4 22.d5 cxd5 23.Na4 Qxa4
24.Qxb4 Ra6 25.Qxa4 Rxa4 26.Bxf5  1-0

[Event "Naantali op"]
[Site "Naantali"]
[Date "1998.??.??"]
[Round "?"]
[White "Sorsa, Nuutti"]
[Black "Kiik, Kalle"]
[Result "1/2-1/2"]
[WhiteElo "2250"]
[BlackElo "2445"]

1.e4 d6 2.d4 Nf6 3.Nc3 c6 4.Nf3 Bg4 5.h3 Bxf3 6.Qxf3 Nbd7 7.Be3 g6 8.a4 Bg7
9.Bc4 O-O 10.O-O a5 11.Rad1 d5 12.exd5 Nb6 13.Bb3 cxd5 14.Bg5 e6 15.Nb5 Rc8
16.Na7 Rc7 17.Nb5 Rd7 18.Qf4 Qb8 19.Qh4 Nh5 20.Qg4 Rc8 21.c3 Nc4 22.Bc1 b6
23.Rfe1 Nf6 24.Qe2 Ne4 25.Bc2 Nf6 26.Bd3 Nh5 27.Qg4 Rdd8 28.Kh1 Nd6 29.Nxd6 Qxd6
30.Qf3 Rf8 31.Bc2 Qd7 32.Qe2 Nf6 33.Qa6 Qc6 34.Qe2 Qd6 35.Kg1 Qc7 36.Bd3 Ne8
37.Qf3 Qd8 38.Bf4 Bf6 39.Qg3 Bh4 40.Qg4 Bf6 41.Qg3 Kh8 42.Ba6 Ra8 43.Bd3 Rg8
44.Bb5 Ra7 45.Bxe8 Rxe8 46.Be5 Kg8 47.Bxf6 Qxf6 48.Qd6 Qd8 49.Qc6 Qb8 50.Qb5 Rc8
51.Re3 Qd6 52.Rde1 Qc6 53.Qxc6 Rxc6 54.Kf1 Rb7 55.Ra1 Kg7 56.Ra2 g5 57.Ke2 h6
58.Kd3 Rbc7 59.Ra3 Kf8 60.Re1 Ke7 61.Rb1 Rc4 62.Rh1 Kd6 63.Rha1 f6 64.Rb3 R4c6
65.Re1 h5 66.Ra3 Rg7 67.Raa1 g4 68.hxg4 Rxg4 69.g3 h4 70.gxh4 Rxh4 71.Rh1 Rf4
72.Ke3 Re4+ 73.Kd3 Rc7 74.Rag1 Rf4 75.Ke3 Rf5 76.f4 Rc4 77.Ra1  1/2-1/2

[Event "CERA Bank op"]
[Site "NED"]
[Date "1998.??.??"]
[Round "?"]
[White "Boidman, Yuri"]
[Black "Mertens, Andreas"]
[Result "1-0"]
[WhiteElo "2405"]
[BlackElo "2070"]

1.e4 d6 2.d4 Nf6 3.Nc3 c6 4.Bg5 Qa5 5.Qd2 Be6 6.f4 h6 7.Bxf6 gxf6 8.d5 Bg4
9.f5 cxd5 10.Qxd5 Qxd5 11.Nxd5 Kd8 12.h3  1-0